| 000 -ლიდერი |
| ფიქსირებული სიგრძის საკონტროლო ველი |
00870nam a2200217Ia 4500 |
| 001 - საკონტროლო ნომერი |
| საკონტროლო ველი |
5099 |
| 003 - საკონტროლო ნომრის იდენტიფიკატორი |
| საკონტროლო ველი |
GE_BSU |
| 005 - ბოლო ოპერაციის თარიღი და დრო |
| საკონტროლო ველი |
20190520211244.0 |
| 008 - ფიქსირებული სიგრძის მონაცემთა ელემენტები - ზოგადი ინფორმაცია |
| ფიქსირებული სიგრძის საკონტროლო ველი |
181216s1971||||ge |||||||||||||| ||geo|| |
| 040 ## - კატალოგიზაციის წყარო |
| Transcribing agency |
GE_BSU |
| 041 ## - ენის კოდი |
| Language code of text/sound track or separate title |
geo |
| 080 ## - უნივერსალური ათობითი კლასიფიკაციის ინდექსი |
| Universal Decimal Classification number |
626.8(075.8) + 631 ქ-60 |
| 100 ## - მთავარი ჩანაწერი - პიროვნების სახელი |
| Personal name |
ქობულია, გ. |
| 9 (RLIN) |
1452 |
| 245 ## - ცნობა სათაურის შესახებ |
| Title |
საინჟინრო მელიორაცია I ნაწ.მორწყვა : |
| Remainder of title |
სახელმძღვ. / |
| Statement of responsibility, etc |
გ. ქობულია ; რედ. ზ. ჯიბლაძე. |
| 264 ## - წარმოების, გამოცემის, დისტრიბუციის და სხვა ცნობები |
| გამოცემის, წარმოების, დისტრიბუციის... ადგილი |
თბილისი : |
| გამოცემის, წარმოების, დისტრიბუციის... სახელწოდება |
განათლება, |
| გამოცემის, წარმოების, დისტრიბუციის... თარიღი |
1971. |
| 300 ## - ფიზიკური აღწერა |
| Extent |
406 გვ. : |
| Other physical details |
ილ. ; |
| Dimensions |
22 სმ. |
| 653 ## - INDEX TERM--UNCONTROLLED |
| Uncontrolled term |
საინჟინრო მელიორაცია |
| 653 ## - INDEX TERM--UNCONTROLLED |
| Uncontrolled term |
მორწყვა |
| 700 ## - ADDED ENTRY--PERSONAL NAME |
| Personal name |
ზ. ჯიბლაძე |
| Relator term |
რედაქტორი |
| 9 (RLIN) |
1453 |
| 942 ## - ADDED ENTRY ELEMENTS (KOHA) |
| Koha item type |
წიგნი |
| Source of classification or shelving scheme |
|